000 01046nas a2200337 4500
001 BR0502772
003 BR-BrBNA
005 20231205105435.0
007 ta
008 230509b bl.|||p| |||| 00| 00por d
040 _aBR-BrBNA
_bpor
_cBiblioteca Nacional de Agricultura
041 _a(Pt)
072 _aF06; F50
100 1 _aMarouelli, W.A.
100 1 _aCarrijo, O.A.
100 1 _aZolnier, S.
245 1 _aVariabilidade espacial do sistema radicular do tomateiro e implicações no manejo da irrigação em cultivo sem solo com substratos
650 _aTOMATE
650 _aCOCO
650 _aIRRIGAÇÃO POR GOTEJAMENTO
650 _aSISTEMA RADICULAR
650 _aSUBSTRATO DE CULTURA
650 _aCASCA DE ARROZ
650 _aRESÍDUO
650 _aCONDUTIVIDADE ELÉTRICA
650 _aPLÁSTICO
650 _aDISTRITO FEDERAL
773 0 _tHorticultura Brasileira (Brazil)
_xISSN 0102-0536
_g(Jan-Mar 2005), v. 23(1) p. 57-60
_wBR0502772
909 _a202311
_bLúcia
_c55
_dLúcia Elande
942 _2AGRIS
_n0
_cANA
999 _c182980
_d182980